Tous les pays qui ont participé à l Euro (Football) - Statistiques

Statistiques générales
  • Ce quiz a été pris 563 fois
  • Le résultat moyen est 31 sur 39
Statistiques - réponses
Rang pays meilleur performance participations % Correct
1** Allemagne (RFA) vainqueur (*3) 13
99%
3 France Vainqueur (*2) 10
99%
2 Espagne Vainqueur (*3) 11
98%
4 Italie Vainqueur (*2) 10
97%
7 Portugal Vainqueur 8
96%
12 Angleterre Finaliste 10
94%
14 Belgique Finaliste 6
92%
28 Irlande 1/8eme finale 3
92%
5 Pays-Bas Vainqueur 10
92%
15 Suède 1/2 finaliste 7
92%
22 Suisse 1/4 finaliste 5
91%
10 Grèce Vainqueur 4
89%
24 Grèce 1/4 finaliste 4
89%
16 Russie 1/2 finaliste 6
89%
33 Norvège 1er Tour 1
88%
23 Pologne 1/4 finaliste 4
88%
6 Danemark Vainqueur 9
87%
34 Finlande 1er Tour 1
87%
18 Hongrie 1/2 finaliste 4
84%
27 Autriche 1/8eme finale 4
83%
20 Croatie 1/4 finaliste 6
83%
31 Ecosse 1er Tour 3
81%
21 Roumanie 1/4 finaliste 5
81%
13 Tchéquie Finaliste 7
80%
25 Ukraine 1/4 finaliste 3
80%
29 Slovaquie 1/8eme finale 2
79%
17 Turquie 1/2 finaliste 5
79%
26 Islande 1/4 finaliste 1
78%
39 Slovenie 1er Tour 1
78%
19 Pays de Galles 1/2 finaliste 2
77%
35 Albanie 1er Tour 1
73%
32 Bulgarie 1er Tour 2
73%
11* Yougoslavie Finaliste (*2) 4
66%
8* URSS Vainqueur 6
65%
37 Lettonie 1er Tour 1
64%
30 Irlande du Nord 1/8eme finale 1
63%
38 Macédoine Du Nord 1er Tour 1
60%
9* Tchécoslovaquie Vainqueur 3
59%
36* C.E.I. 1er Tour 1
2%
Aucun quiz correspondant
Distribution des résultats
% des personnes avec chaque résultat
Percentile par nombre de réponses
Votre historique - résultats
Vous n’avez pas pris ce quiz